[Event "Novosibirsk"]
[Site "Novosibirsk"]
[Date "1993.??.??"]
[Round "7"]
[White "Dolmatov, Sergey"]
[Black "Psakhis, Lev"]
[Result "1-0"]
[WhiteElo "2615"]
[BlackElo "2575"]

1.e4 e5 2.Nf3 Nc6 3.Bb5 a6 4.Ba4 Nf6 5.O-O Be7 6.Re1 b5 7.Bb3 O-O 8.c3 d6
9.h3 Nb8 10.d4 Nbd7 11.Nbd2 Bb7 12.Bc2 Re8 13.a4 c5 14.d5 c4 15.b3 cxb3 16.Nxb3 Qc7
17.Bd2 Nb6 18.Na5 Nxa4 19.Bxa4 Qxa5 20.c4 Qc7 21.cxb5 axb5 22.Bxb5 Rxa1 23.Qxa1 Ra8
24.Qb1 Rb8 25.Qd3 Qb6 26.Be3 Qa5 27.Bc4 Bc8 28.Rb1 Rxb1+ 29.Qxb1 Bd7 30.Nd2 h6
31.Qb7 Bd8 32.Bf1 Qc7 33.Qa6 Bc8 34.Qa3 Bd7 35.Qb4 Ne8 36.Nc4 f5 37.exf5 Bxf5
38.Be2 Be7 39.Bb6 Qd7 40.Ne3 Nf6 41.Ba6 Bg6 42.Qc4 Bf7 43.Bc8 Qe8 44.Qc6 Kf8
45.Bb7 Kg8 46.Nf5 Kf8 47.Ne3 Kg8 48.Ba5 g6 49.Bc7 Qf8 50.Qa4 Bd8 51.Qa5 Bxc7
52.Qxc7 Ne8 53.Qd8 Kg7 54.Bc8 Nf6 55.Qc7 Ne8 56.Qb7 h5 57.Nc4 Kh8 58.Be6 Bg8
59.Qc8 Kg7 60.Qd7+ Kh8 61.Qd8 Kg7 62.h4 Nf6 63.Qc7+ Kh8 64.Nxd6 Nxd5 65.Bxd5 Bxd5
66.Qc5 Qg8 67.Nb5 Qe6 68.Qf8+ Qg8 69.Qh6+ Qh7 70.Qg5 Qd7 71.Qxe5+ Kh7 72.Nd4 Qd8
73.Nb5 Qd7 74.Nd6 Qe6 75.Qxe6 Bxe6 76.Kh2 Kh6 77.Ne4 Bd5 78.f3 Bc4 79.Kg3 Ba6
80.Kf4 Bf1 81.g3 Bc4 82.Ke5 Kg7 83.Nd2 Ba2 84.f4 Kf7 85.f5 Kg7 86.f6+ Kf7
87.Ne4 Bb1 88.Nd6+ Kf8 89.Kf4 Bd3 90.Kg5 Kg8 91.Nb7 Bf5 92.Na5 Kf7 93.Nc4  1-0

[Event "Novosibirsk"]
[Site "Novosibirsk"]
[Date "1993.??.??"]
[Round "9"]
[White "Akopian, Vladimir"]
[Black "Psakhis, Lev"]
[Result "1-0"]
[WhiteElo "2615"]
[BlackElo "2575"]

1.e4 e5 2.Nf3 Nc6 3.Bb5 a6 4.Ba4 Nf6 5.O-O Be7 6.Re1 b5 7.Bb3 O-O 8.h3 d6
9.c3 Nb8 10.d4 Nbd7 11.Nbd2 Bb7 12.Bc2 Re8 13.b3 Bf8 14.a4 g6 15.Bb2 exd4
16.cxd4 d5 17.e5 Nh5 18.Nf1 Ng7 19.Qd2 Ne6 20.Ne3 c5 21.dxc5 Ndxc5 22.Ng4 Bg7
23.axb5 axb5 24.Rxa8 Bxa8 25.Nf6+ Bxf6 26.exf6 Ne4 27.Qh6 Nxf6 28.Rd1 Qe7
29.Nd4 b4 30.Nf5 Qc7 31.Bxf6 Qxc2 32.Ne7+ Rxe7 33.Rc1 Qxc1+ 34.Qxc1 Re8 35.Qe3 Rc8
36.h4 Rc6 37.h5 Nf8 38.Bb2 gxh5 39.Qd4 f6 40.Qa7  1-0

[Event "Ontario-ch"]
[Site "Ontario"]
[Date "1993.??.??"]
[Round "1"]
[White "Teodoro, Eduardo"]
[Black "Southam, Todd"]
[Result "1/2-1/2"]
[WhiteElo "2215"]
[BlackElo "2325"]

1.e4 e5 2.Nf3 Nc6 3.Bb5 a6 4.Ba4 Nf6 5.O-O Be7 6.Re1 b5 7.Bb3 d6 8.h3 O-O
9.c3 Nb8 10.d4 Nbd7 11.Nbd2 Bb7 12.Bc2 Re8 13.Nf1 Bf8 14.Ng3 g6 15.a4 c5
16.Bg5 h6 17.dxe5 hxg5 18.exf6 Qxf6 19.axb5 axb5 20.Qe2 Bc6 21.Bd3 c4 22.Bc2 Nc5
23.Nd4 Bd7 24.Rxa8 Rxa8 25.e5 dxe5 26.Qxe5 Qxe5 27.Rxe5 Ra1+ 28.Kh2 Ra2 29.Rd5 f5
30.b4 cxb3 31.Bxb3 Nxb3 32.Nxb3 Bc6 33.Rd2 Rxd2 34.Nxd2 Bd5 35.Ne2 Bc5 36.Kg1 Kf7
37.Nc1 Ba3 38.Ne2 Bc5 39.Nc1 Ke6 40.Kf1 Ba3 41.Nd3 Be7 42.f3 Bf6 43.Nb1 Ba2
44.Na3 Bxc3 45.Nxb5 Bf6 46.Ke2 Bc4 47.Na3 Ba6 48.Nc2 Be7 49.Ke3 Bb7 50.g3 Bd6
51.Nd4+ Kf6 52.Ne2 Bc7 53.f4 Bb6+ 54.Kd2 gxf4 55.gxf4 Bg2 56.h4 Kg7 57.Ng3 Bd8
58.Ke3 Bxh4 59.Ne2 Bd8 60.Nc3 Bb6+ 61.Ke2 Kh6 62.Nd1 Kh5 63.Ne3 Bb7 64.Kf2 Be4
65.Nb4 g5 66.Ke2 gxf4 67.Nf1 Kg4 68.Nd3 Bxd3+ 69.Kxd3 Kf3 70.Nd2+ Kg2 71.Ke2  1/2-1/2

[Event "RL-op"]
[Site "Polch"]
[Date "1993.??.??"]
[Round "?"]
[White "Voss, G."]
[Black "Gruschinski, Rainer"]
[Result "1/2-1/2"]
[WhiteElo "1980"]
[BlackElo "1710"]

1.e4 e5 2.Nf3 Nc6 3.Bb5 a6 4.Ba4 Nf6 5.O-O Be7 6.Re1 b5 7.Bb3 O-O 8.c3 d6
9.h3 Nb8 10.d3 Nbd7 11.a4 Bb7 12.Nbd2 Nc5 13.Nf1  1/2-1/2

[Event "ISD-FRA"]
[Site "Reykjavik"]
[Date "1993.??.??"]
[Round "1"]
[White "Steingrimsson, Hedinn"]
[Black "Hauchard, Arnaud"]
[Result "1-0"]
[WhiteElo "2420"]
[BlackElo "2450"]

1.e4 e5 2.Nf3 Nc6 3.Bb5 a6 4.Ba4 Nf6 5.O-O Be7 6.Re1 b5 7.Bb3 O-O 8.c3 d6
9.h3 Nb8 10.d4 Nbd7 11.Nbd2 Bb7 12.Bc2 Re8 13.a4 Bf8 14.Bd3 c6 15.b3 Qc7
16.Bb2 g6 17.Qc2 Bg7 18.Rad1 Rac8 19.Bf1 Qb8 20.Qb1 Ba8 21.Qa2 Nh5 22.b4 Re7
23.c4 exd4 24.Bxd4 Bxd4 25.Nxd4 c5 26.Nc2 bxa4 27.Qxa4 cxb4 28.Nxb4 Nc5 29.Qa3 Qa7
30.Re3 Rce8 31.Rde1 Nf6 32.f3 h5 33.h4 Qb6 34.Kh1 Rb8 35.Nd3 Nfd7 36.Rb1 Qd8
37.Rxb8 Qxb8 38.Nxc5 Nxc5 39.Nb3 Qd8 40.Nxc5 dxc5 41.Qxc5 Rb7 42.Kg1 Rb1
43.Re2 Bb7 44.Qf2 Bc8 45.Rd2 Qc7 46.Qd4 Be6 47.Qf6 Rb8 48.e5 Bxc4 49.Bxc4 Qxc4
50.Rd6 Qc5+ 51.Kh2 a5 52.f4 Qc3 53.Rd7 Rf8 54.f5 Qc8 55.e6 Qb8+ 56.g3 gxf5
57.Rxf7  1-0

[Event "Rostov"]
[Site "Rostov"]
[Date "1993.??.??"]
[Round "?"]
[White "Dolmatov, Sergey"]
[Black "Psakhis, Lev"]
[Result "1/2-1/2"]
[WhiteElo "2615"]
[BlackElo "2575"]

1.e4 e5 2.Nf3 Nc6 3.Bb5 a6 4.Ba4 Nf6 5.O-O Be7 6.c3 O-O 7.Re1 b5 8.Bb3 d6
9.h3 Nb8 10.d4 Nbd7 11.Nbd2 Bb7 12.Bc2 Re8 13.Nf1 Bf8 14.Ng3 g6 15.a4 c5
16.d5 c4 17.Bg5 h6 18.Be3 Nc5 19.Nd2 Nfd7 20.axb5 axb5 21.b3 cxb3 22.Nxb3 Nxb3
23.Bxb3 Qc7 24.Qd2 h5 25.Reb1 Rxa1 26.Rxa1 Nc5 27.Bc2 Bc8 28.Ne2 Bd7 29.Qd1 Rb8
30.Qb1 Kh7 31.Qb4  1/2-1/2

[Event "San Martin"]
[Site "San Martin"]
[Date "1993.??.??"]
[Round "5"]
[White "Van Riemsdijk, Herman C"]
[Black "Rubinetti, Jorge A"]
[Result "1/2-1/2"]
[WhiteElo "2405"]
[BlackElo "2455"]

1.e4 e5 2.Nf3 Nc6 3.Bb5 a6 4.Ba4 Nf6 5.O-O Be7 6.Re1 b5 7.Bb3 d6 8.c3 O-O
9.h3 Nb8 10.d4 Nbd7 11.Nbd2 Bb7 12.Bc2 Re8 13.Nf1 Bf8 14.Ng3 g6 15.a4 c5
16.Bd2 Bg7 17.dxc5 dxc5 18.Qe2 Bc6 19.Be3 Qc7 20.Nd2  1/2-1/2

[Event "SLO-chT"]
[Site "?"]
[Date "1993.??.??"]
[Round "?"]
[White "Justin, Matijaz"]
[Black "Orel, Oskar"]
[Result "1-0"]
[WhiteElo "2385"]
[BlackElo "2335"]

1.e4 e5 2.Nf3 Nc6 3.Bb5 a6 4.Ba4 Nf6 5.O-O Be7 6.Re1 b5 7.Bb3 d6 8.c3 O-O
9.h3 Nb8 10.d4 Nbd7 11.Nbd2 Bb7 12.Bc2 Re8 13.Nf1 Bf8 14.Ng3 g6 15.b3 h6
16.d5 c6 17.c4 Rc8 18.Be3 Qa5 19.a4 bxc4 20.bxc4 Qc7 21.Rc1 a5 22.Qd2 Kh7
23.Red1 Red8 24.Nh2 Rb8 25.Ng4 Nxg4 26.hxg4 Ba6 27.g5 hxg5 28.Bxg5 Rdc8 29.Ne2 Rb4
30.Nc3 Rxc4 31.Bd3 Rd4 32.Qe3 Bxd3 33.Rxd3 cxd5 34.Rxd4 exd4 35.Qh3+ Kg8
36.Nxd5 Qxc1+ 37.Bxc1 Rxc1+ 38.Kh2 Ne5 39.f4 Bg7 40.Qa3 Re1 41.fxe5 Bxe5+
42.g3 Rxe4 43.Qf3 Re1 44.Nf6+ Kg7 45.Ng4 Ra1 46.Qd5 Rxa4 47.Nxe5 dxe5 48.Qxe5+ Kf8
49.Kh3 d3 50.Qd6+ Kg8 51.Qd8+ Kg7 52.Qxd3 Rb4 53.Qc3+ Kg8 54.Qc5 Re4 55.Qxa5 f5
56.Qc7 Kf8 57.Qh7 Rg4 58.Kh2 Ke8 59.Qg7 Rg5 60.Kh3 Rg4 61.Kh2 Rg5 62.Kh3 Rg4
63.Kg2 Rg5 64.Kf2 Rg4 65.Kf3 Rg5 66.Kf4 Rg4+ 67.Ke5 Rxg3 68.Kf6 Kd8 69.Qe7+ Kc8
70.Qc5+ Kb7 71.Qb5+ Ka7 72.Qd7+  1-0

[Event "UZB-ch"]
[Site "?"]
[Date "1993.??.??"]
[Round "14"]
[White "Kaiumov, Dmitry D"]
[Black "Ziatdinov, Raset"]
[Result "1-0"]
[WhiteElo "2410"]
[BlackElo "2455"]

1.e4 e5 2.Nf3 Nc6 3.Bb5 a6 4.Ba4 Nf6 5.O-O Be7 6.Re1 b5 7.Bb3 d6 8.c3 O-O
9.h3 Nb8 10.d4 Nbd7 11.Nbd2 Bb7 12.Bc2 Re8 13.a4 Bf8 14.Bd3 c6 15.b3 g6 16.Qc2 Nh5
17.Bb2 Nf4 18.Bf1 Qc7 19.c4 bxc4 20.Nxc4 exd4 21.Bxd4 d5 22.Ncd2 Rac8 23.Rac1 Ne6
24.Bb2 Qb6 25.Nh2 h5 26.Nhf3 Bc5 27.Nb1 Bb4 28.Bc3 Nec5 29.Nbd2 Bxc3 30.Qxc3 Nxe4
31.Nxe4 dxe4 32.Ng5 c5 33.Bc4 Re7 34.Rcd1 Nf6 35.a5 Qc6 36.Qg3 Qe8 37.Rd6 Rc6
38.Nxf7 Qxf7 39.Bxf7+ Kxf7 40.Rxc6 Bxc6  1-0

[Event "AUT-chT"]
[Site "?"]
[Date "1994.??.??"]
[Round "?"]
[White "Mokry, Karel"]
[Black "Farago, Ivan"]
[Result "1/2-1/2"]
[WhiteElo "2515"]
[BlackElo "2540"]

1.e4 e5 2.Nf3 Nc6 3.Bb5 a6 4.Ba4 Nf6 5.O-O Be7 6.Re1 b5 7.Bb3 d6 8.c3 O-O
9.h3 Nb8 10.d4 Nbd7 11.Nbd2 Re8 12.Ng5 Rf8 13.Ngf3 Re8  1/2-1/2

[Event "AUT-chT"]
[Site "?"]
[Date "1994.??.??"]
[Round "?"]
[White "Fogarasi, Tibor"]
[Black "Lukacs, Peter"]
[Result "1/2-1/2"]
[WhiteElo "2440"]
[BlackElo "2485"]

1.e4 e5 2.Nf3 Nc6 3.Bb5 a6 4.Ba4 Nf6 5.O-O Be7 6.Re1 b5 7.Bb3 d6 8.c3 O-O
9.h3 Nb8 10.d4 Nbd7 11.Nbd2 Bb7 12.Bc2 Re8 13.Nf1 Bf8 14.Ng3 g6 15.a4 c5
16.d5 c4 17.Nh2 h5 18.Bg5 Be7  1/2-1/2

[Event "AUT-chT2S 9394"]
[Site "AUT"]
[Date "1994.??.??"]
[Round "?"]
[White "Hazai, Laszlo"]
[Black "Hresc, Vladimir"]
[Result "1/2-1/2"]
[WhiteElo "2465"]
[BlackElo "2385"]

1.e4 e5 2.Nf3 Nc6 3.Bb5 a6 4.Ba4 Nf6 5.O-O Be7 6.Re1 b5 7.Bb3 O-O 8.c3 d6
9.h3 Nb8 10.d4 Nbd7 11.Nbd2 Bb7 12.Bc2 Re8 13.a4 Bf8 14.Bd3 c6 15.b3 Qb6
16.Rb1 Rad8 17.Qc2 g6 18.b4 Nh5 19.Bf1 Bg7 20.dxe5 Nxe5 21.Nxe5 Bxe5 22.Nf3 Bf4
23.c4 bxc4 24.Bxf4 Nxf4 25.Qxc4 Ne6 26.Qc3 d5  1/2-1/2

[Event "Balatonbereny op"]
[Site "Balatonbereny"]
[Date "1994.??.??"]
[Round "7"]
[White "Madl, Ildiko"]
[Black "Molnar, L."]
[Result "1/2-1/2"]
[WhiteElo "2415"]
[BlackElo "2260"]

1.e4 e5 2.Nf3 Nc6 3.Bb5 a6 4.Ba4 Nf6 5.O-O Be7 6.Re1 b5 7.Bb3 O-O 8.c3 d6
9.h3 Nb8 10.d4 Nbd7 11.Nbd2 Bb7 12.a4 c6 13.Nf1 h6 14.Ng3 Re8 15.Nh4 c5 16.Ng6 c4
17.Nxe7+ Qxe7 18.Bc2 Qf8 19.d5 g6 20.Be3 Kh7 21.Qd2 Ng8 22.Rf1 Qg7 23.f4 exf4
24.Bd4 Ne5 25.Rxf4 Re7 26.Qf2 f6 27.Ne2 Rb8 28.axb5 axb5 29.Qg3 Ra8 30.Rff1 Ree8
31.Nf4 Rxa1 32.Rxa1 Ra8 33.Qe1 Qf8 34.Ne6 Qb8 35.Kh2 Bc8 36.Rxa8 Qxa8 37.Bxe5 fxe5
38.Qf2 Qb7 39.Nd8 Qg7 40.Nf7 Qf8 41.Qa7 Qg7 42.Qc7 Nf6 43.Kg1 Nh5 44.Bd1 Nf4
45.Qxc8 Qxf7 46.Qa6 Nd3 47.Bf3 h5  1/2-1/2

[Event "Belgrade Trako"]
[Site "Belgrade"]
[Date "1994.??.??"]
[Round "13"]
[White "Mijailovic, Zoran"]
[Black "Nestorovic, Dejan"]
[Result "1/2-1/2"]
[WhiteElo "2355"]
[BlackElo "2365"]

1.e4 e5 2.Nf3 Nc6 3.Bb5 a6 4.Ba4 Nf6 5.O-O Be7 6.Re1 b5 7.Bb3 d6 8.c3 O-O
9.h3 Nb8 10.d4 Nbd7 11.Nbd2 Bb7 12.Nf1 Re8 13.Ng5 Rf8  1/2-1/2

[Event "Budapest FS02 GM"]
[Site "Budapest"]
[Date "1994.??.??"]
[Round "2"]
[White "Gabriel, Christian"]
[Black "Bezold, Michael"]
[Result "1/2-1/2"]
[WhiteElo "2530"]
[BlackElo "2515"]

1.e4 Nc6 2.Nf3 e5 3.Bb5 a6 4.Ba4 Nf6 5.O-O Be7 6.Re1 b5 7.Bb3 O-O 8.c3 d6
9.h3 Nb8 10.d4 Nbd7 11.Nbd2 Bb7 12.Bc2 Re8 13.Nf1 Bf8 14.Ng3 g6 15.a4 c5
16.d5 Nb6 17.a5 Nbd7 18.b3 Bg7 19.Be3 Qe7 20.Qd2 Kh8 21.Bg5 Qf8 22.Nh2 Ng8
23.h4  1/2-1/2

[Event "Calcutta op"]
[Site "Calcutta"]
[Date "1994.??.??"]
[Round "3"]
[White "Barcenilla, Rogelio"]
[Black "Giorgadze, Giorgi"]
[Result "0-1"]
[WhiteElo "2455"]
[BlackElo "2555"]

1.e4 e5 2.Nf3 Nc6 3.Bb5 a6 4.Ba4 Nf6 5.O-O Be7 6.Re1 b5 7.Bb3 O-O 8.c3 d6
9.h3 Nb8 10.d4 Nbd7 11.Nbd2 Bb7 12.a4 Re8 13.Ng5 Rf8 14.Ngf3 c5 15.Bc2 Re8
16.d5 c4 17.Nf1 Bf8 18.g4 Nc5 19.Ng3 g6 20.Be3 Nfd7 21.Kh2 Qc7 22.a5 Bc8
23.Rg1 Bg7 24.Qd2 Nf8 25.Rg2 f6 26.Nh4 g5 27.Nhf5 Ng6 28.h4 Nf4 29.Bxf4 exf4
30.Nh5 Bh8 31.Qd4 Re5 32.f3 Kf8 33.Qd2 Bxf5 34.gxf5 Qf7 35.Nxf4 gxf4 36.Rag1 Ree8
37.Qxf4 Ke7 38.Qe3 Rg8 39.f4 Rxg2+ 40.Rxg2 Rg8 41.Rxg8 Qxg8 42.Qf3 Qe8 43.Kg2 Bg7  0-1

[Event "Copenhagen op16"]
[Site "Copenhagen"]
[Date "1994.??.??"]
[Round "9"]
[White "Bogdanov, Dimitri"]
[Black "Pilgaard, Kim"]
[Result "1-0"]
[WhiteElo "2090"]
[BlackElo "2280"]

1.e4 e5 2.Nf3 Nc6 3.Bb5 a6 4.Ba4 Nf6 5.O-O Be7 6.Re1 b5 7.Bb3 d6 8.c3 O-O
9.h3 Nb8 10.d4 Nbd7 11.Nbd2 Bb7 12.Bc2 Re8 13.Nf1 Bf8 14.Ng3 g6 15.b3 c6
16.Nh2 h5 17.Bg5 Qc7 18.Qd2 Nh7 19.Bh6 Be7 20.Ngf1 Ndf8 21.f4 Bf6 22.Nf3 Rad8
23.Rad1 Ne6 24.f5 Nef8 25.g4 hxg4 26.hxg4 Bg7 27.Bxg7 Kxg7 28.Re2 f6 29.fxg6 Nxg6
30.Ng3 Nf4 31.Rh2 Kh8 32.Kf2 Rg8 33.Rdh1 Rd7 34.Rh4 Rg6 35.Nf5 Bc8 36.Rh6 Rxh6
37.Rxh6 Kg8 38.Kg3 Rf7 39.Qh2 Bxf5 40.exf5 Qa5 41.g5 fxg5 42.f6  1-0

[Event "Dresden (Women)"]
[Site "Dresden"]
[Date "1994.??.??"]
[Round "?"]
[White "Dabrowska, Krystyna"]
[Black "Kachiani Gersinska, Ketino"]
[Result "1/2-1/2"]
[WhiteElo "2300"]
[BlackElo "2415"]

1.e4 e5 2.Nf3 Nc6 3.Bb5 a6 4.Ba4 Nf6 5.O-O Be7 6.Re1 b5 7.Bb3 d6 8.c3 O-O
9.h3 Nb8 10.d4 Nbd7 11.Nbd2 Bb7 12.Bc2 Re8 13.Nf1 Bf8 14.Ng3 g6 15.Nh2 Bg7
16.d5 Nb6 17.Ng4 Nxg4 18.Qxg4 c6 19.dxc6 Bxc6 20.Bg5 f6 21.Be3 Nc4 22.Bb3 Qc8
23.Rad1 Rd8 24.Bb6 Qxg4 25.hxg4 Rd7 26.Nf1 Rb8 27.Ba5 Bh6 28.Ne3 Bxe3 29.Rxe3 Kg7
30.Bxc4 bxc4 31.Re2 Kf7 32.f3 Ke6 33.Kf2 Rb5 34.Bb4 d5 35.exd5+ Rbxd5 36.Rxd5 Bxd5
37.Bc5 h5 38.gxh5 gxh5 39.Re1 Rb7 40.Ba3 h4 41.Rh1 Rh7 42.Bc5 f5 43.Rh2 f4
44.Rh1 a5 45.a4 Bc6 46.Bb6 Rb7 47.Bxa5 Rxb2+ 48.Kg1 Rb1+ 49.Kh2 Rxh1+ 50.Kxh1 h3
51.Bc7 hxg2+ 52.Kxg2 Bxa4 53.Kf2 Bd1 54.Bb8 Kf5 55.Ba7 e4 56.fxe4+ Kxe4 57.Bd4  1/2-1/2

[Event "RUS-ch"]
[Site "Elista"]
[Date "1994.??.??"]
[Round "5"]
[White "Sokolov, Andrei"]
[Black "Notkin, Maksim"]
[Result "1-0"]
[WhiteElo "2580"]
[BlackElo "2465"]

1.e4 e5 2.Nf3 Nc6 3.Bb5 a6 4.Ba4 Nf6 5.O-O Be7 6.Re1 b5 7.Bb3 d6 8.c3 O-O
9.h3 Nb8 10.d4 Nbd7 11.Nbd2 Bb7 12.Bc2 Re8 13.a4 Bf8 14.Bd3 c6 15.b3 g6 16.Qc2 Nh5
17.Bb2 Bg7 18.Bf1 Qb6 19.b4 Nf4 20.Nb3 Rac8 21.Rad1 Ne6 22.Na5 Ba8 23.Qb3 Rcd8
24.Qa2 c5 25.axb5 axb5 26.bxc5 dxc5 27.d5 Nc7 28.c4 b4 29.Ra1 Rb8 30.Qa4 Qd6
31.Bd3 Nb6 32.Qc2 f6 33.h4 Red8 34.Bf1 Nd7 35.h5 Rb6 36.Nh4 Nf8 37.Bc1 Rdb8
38.Nb3 Na6 39.Be3 Rc8 40.Ra5 Kf7 41.g3 Bb7 42.Bh3 Rc7 43.h6 Bh8 44.f4 Nd7
45.Be6+ Ke8 46.f5 g5 47.Nf3 Qf8 48.Qh2 Ndb8 49.Rea1 Bc8 50.Ne1 Bxe6 51.fxe6  1-0

[Event "RUS-ch"]
[Site "Elista"]
[Date "1994.??.??"]
[Round "6"]
[White "Aseev, Konstantin N"]
[Black "Yemelin, Vasily"]
[Result "1/2-1/2"]
[WhiteElo "2540"]
[BlackElo "2520"]

1.e4 e5 2.Nf3 Nc6 3.Bb5 a6 4.Ba4 Nf6 5.O-O Be7 6.Re1 b5 7.Bb3 d6 8.c3 O-O
9.h3 Nb8 10.d4 Nbd7 11.Nbd2 Bb7 12.Bc2 Re8 13.a4 Bf8 14.Bd3 c6 15.b3 g6 16.Bb2 Qc7
17.Qc2 Bg7 18.c4 bxc4 19.Bxc4 exd4 20.Bxd4 Re7 21.b4 Rae8 22.Bd3 c5 23.Rac1 Qd8
24.bxc5 Nxc5 25.Bxc5 dxc5 26.Bc4 Bh6 27.Rcd1 Qa5 28.e5 Bxd2 29.Qxd2 Qxd2
30.Rxd2 Nh5 31.Ng5 Bc8 32.e6 fxe6 33.Rd6 Ng7 34.Ne4 Rf8 35.Bxa6 Nf5 36.Rb6 Bxa6
37.Rxa6 Rc8 38.Rc1 c4 39.Nc3 Kf7 40.a5 Nd4 41.Rb6 Nb3 42.Re1 Nxa5 43.Ne4 Kg7
44.Rc1 Rec7 45.Nd6 Rd8 46.Rc3 h6 47.Ra6 Rcd7 48.Ne4 Nb7 49.Rxe6 Rc8 50.h4 Nd8
51.Ra6 Re7 52.Nd6 Rc5 53.Rxc4 Rxc4 54.Nxc4 Re4 55.Ra7+ Kf6 56.Ne3 Rxh4 57.f3 h5
58.Nd5+ Ke5 59.Ne7 Kf6 60.Ng8+ Kf5 61.Ra6 Rd4 62.Ne7+ Kf4 63.Rxg6 Rd7 64.Rg7 Rd2
65.Kh2 Ne6 66.Rf7+ Ke3 67.Nf5+ Kf2 68.Ng3 Ra2 69.Ne4+ Kf1 70.Ng3+ Kf2 71.Rf6 Nd4
72.Kh3 Nc2 73.Ne4+ Ke3 74.Re6 Nd4 75.Re8 Ra1 76.Ng5+ Kf4 77.Re4+ Kxg5 78.Rxd4 Rh1+
79.Kg3 h4+ 80.Kf2 h3 81.Rg4+ Kf5 82.g3 Ra1 83.Rh4 Ra2+ 84.Ke3 Ra3+ 85.Ke2 Ra2+
86.Ke3 Ra3+ 87.Kf2  1/2-1/2

[Event "BL2-W9394"]
[Site "Germany"]
[Date "1994.??.??"]
[Round "?"]
[White "Leko, Peter"]
[Black "Sieglen, Joachim"]
[Result "0-1"]
[WhiteElo "2545"]
[BlackElo "2410"]

1.e4 e5 2.Nf3 Nc6 3.Bb5 a6 4.Ba4 Nf6 5.O-O Be7 6.Re1 b5 7.Bb3 O-O 8.c3 d6
9.h3 Nb8 10.d4 Nbd7 11.Nbd2 Bb7 12.a4 c5 13.Bc2 Re8 14.b3 cxd4 15.cxd4 exd4
16.Nxd4 bxa4 17.bxa4 Bf8 18.Rb1 Qc7 19.Bb2 d5 20.exd5 Rxe1+ 21.Qxe1 Re8 22.Qf1 Nxd5
23.Qc4 Nc5 24.N4f3 Nf4 25.Kh1 Bd5 26.Qf1 Qc6 27.Bd1 Nxa4 28.Bd4 Nc5 29.Be3 Nfe6
30.Ne5 Qc7 31.Nd3 Nxd3 32.Qxd3 Qc6 33.Bf3 Bxf3 34.Nxf3 Nc5 35.Qc4 Qe4 36.Nd2 Qxc4
37.Nxc4 Rc8 38.Na5 Nd3 39.Rb6 Bc5 40.Bxc5 Nxc5 41.g3 g6 42.Kg2 Kg7 43.Kf3 h5
44.h4 Re8 45.Rc6 Nd3 46.Rxa6 Ne1+ 47.Kf4 f5 48.f3 Kh6 49.g4 hxg4 50.h5 Kxh5
51.fxg4+ fxg4 52.Nc4 Rf8+ 53.Kg3 Rf3+ 54.Kh2 g3+ 55.Kg1 g2 56.Nd2 Rh3 57.Ra5+ Kh6
58.Kf2 Rh1 59.Nf3 Rf1+  0-1

[Event "Karditsa"]
[Site "Karditsa"]
[Date "1994.??.??"]
[Round "7"]
[White "Georgiev, Krum"]
[Black "Pavlovic, Milos"]
[Result "1/2-1/2"]
[WhiteElo "2470"]
[BlackElo "2480"]

1.e4 e5 2.Nf3 Nc6 3.Bb5 a6 4.Ba4 Nf6 5.O-O Be7 6.Re1 b5 7.Bb3 d6 8.c3 O-O
9.h3 Nb8 10.d4 Nbd7 11.c4 c6 12.Nc3 Bb7 13.Bg5 h6 14.Bxf6 Bxf6 15.cxb5 axb5
16.d5 Nb6 17.dxc6 Bxc6 18.Bd5 Qd7 19.Qb3 Rfb8 20.Rad1 Na4  1/2-1/2

[Event "Ljubljana op"]
[Site "Ljubljana"]
[Date "1994.??.??"]
[Round "?"]
[White "Lanka, Zigurds"]
[Black "Mazi, Leon"]
[Result "1-0"]
[WhiteElo "2535"]
[BlackElo "2365"]

1.e4 e5 2.Nf3 Nc6 3.Bb5 a6 4.Ba4 Nf6 5.O-O Be7 6.Re1 b5 7.Bb3 d6 8.c3 O-O
9.h3 Nb8 10.d4 Nbd7 11.Nbd2 Bb7 12.Bc2 Re8 13.Nf1 Bf8 14.Ng3 g6 15.a4 c5
16.d5 c4 17.Bg5 h6 18.Be3 Nc5 19.Qc1 h5 20.Ng5 Nfd7 21.Rf1 Re7 22.h4 Bg7
23.Qd2 Qc7 24.Ne2 bxa4 25.Qd1 f6 26.Nf3 Nb6 27.Bxc5 Qxc5 28.Bxa4 Rf8 29.Bc2 Bh6
30.Kh1 f5 31.Ng3 Ref7 32.Qb1 Bc8 33.Qd1 Bb7 34.Kg1 Bc8 35.Qb1 Bb7 36.exf5 gxf5
37.Bxf5 Bxd5 38.Be6 Bxe6 39.Qg6+ Bg7 40.Qxe6 Kh8  1-0

[Event "Moscow ol (Women)"]
[Site "Moscow"]
[Date "1994.??.??"]
[Round "7"]
[White "Madl, Ildiko"]
[Black "Piarnpuu, Leili"]
[Result "1/2-1/2"]
[WhiteElo "2415"]
[BlackElo "2235"]

1.e4 e5 2.Nf3 Nc6 3.Bb5 a6 4.Ba4 Nf6 5.O-O Be7 6.Re1 b5 7.Bb3 d6 8.c3 O-O
9.h3 Nb8 10.d4 Nbd7 11.Nbd2 Bb7 12.a4 Re8 13.Bc2 Bf8 14.Bd3 c6 15.b3 g6 16.Bb2 Bg7
17.Qc2 Qc7 18.c4 bxc4 19.Bxc4 exd4 20.Bxd4 c5 21.Bc3 Re7 22.Qd3 Rae8 23.Bxa6 Nxe4
24.Bxg7 Nxd2 25.Qxd2 Bxa6 26.Bh6 Bb7 27.Rxe7 Rxe7 28.Re1 Rxe1+ 29.Qxe1 Ne5
30.Nxe5 dxe5 31.Qc3 Qc6 32.f3 f6 33.Be3 c4 34.b4 Qd5 35.Qd2 Kf7 36.Kf2 Ke6
37.Ke2 Qxd2+ 38.Bxd2 Kd5 39.Ke3 Bc8 40.Bc1 Bf5 41.Bb2 Bc2 42.a5 Kc6 43.f4 exf4+
44.Kxf4 f5 45.Kg5 f4 46.Kxf4 h5 47.h4 Kb5 48.Bc3 Bd3 49.g3 Bc2 50.Ke5  1/2-1/2

[Event "Olot op"]
[Site "Olot"]
[Date "1994.??.??"]
[Round "?"]
[White "Villarreal, Jose"]
[Black "Bosch, David"]
[Result "1/2-1/2"]
[WhiteElo "2365"]
[BlackElo "2165"]

1.e4 e5 2.Nf3 Nc6 3.Bb5 a6 4.Ba4 Nf6 5.O-O Be7 6.Re1 b5 7.Bb3 d6 8.c3 O-O
9.h3 Nb8 10.d4 Nbd7 11.Nbd2 Bb7 12.Bc2 Re8 13.Nf1 Bf8 14.Ng3 g6 15.b3 c6
16.Bb2 Qc7 17.dxe5 Nxe5  1/2-1/2

[Event "Osterskan op"]
[Site "Osterskan"]
[Date "1994.??.??"]
[Round "?"]
[White "Kveinys, Aloyzas"]
[Black "Ornstein, Axel"]
[Result "1-0"]
[WhiteElo "2510"]
[BlackElo "2430"]

1.e4 e5 2.Nf3 Nc6 3.Bb5 a6 4.Ba4 Nf6 5.O-O Be7 6.Re1 b5 7.Bb3 O-O 8.c3 d6
9.h3 Nb8 10.d4 Nbd7 11.Nbd2 Bb7 12.Bc2 Re8 13.Nf1 Bf8 14.Ng3 g6 15.a4 c5
16.d5 c4 17.Bg5 h6 18.Bd2 Nc5 19.Qc1 h5 20.Bg5 Bg7 21.Qe3 Rb8 22.Nd2 Qe7
23.Qf3 Ncd7 24.Reb1 Qf8 25.axb5 axb5 26.b3 Nxe4 27.Bxe4 f5 28.bxc4 bxc4 29.Ra7 Nc5
30.Be3 Nxe4 31.Rbxb7 Rxb7 32.Rxb7 Nxc3 33.Nxc4 h4 34.Bd2 e4 35.Qe3 f4 36.Rxg7+ Qxg7
37.Qxc3 Qxc3 38.Bxc3 hxg3 39.Nxd6 gxf2+ 40.Kxf2 e3+ 41.Kf3 Rb8 42.Ne4 Rb1
43.d6 Kf8 44.d7 Ke7 45.Nc5  1-0

[Event "POL-ch U20"]
[Site "?"]
[Date "1994.??.??"]
[Round "7"]
[White "Bobras, Piotr"]
[Black "Murawski, Grzegorz"]
[Result "1/2-1/2"]
[WhiteElo "2215"]
[BlackElo "2210"]

1.e4 e5 2.Nf3 Nc6 3.Bb5 a6 4.Ba4 Nf6 5.O-O Be7 6.Re1 b5 7.Bb3 d6 8.c3 O-O
9.h3 Nb8 10.d4 Nbd7 11.Nbd2 Bb7 12.Bc2 Re8 13.a4 Bf8 14.Bd3 Bc6 15.b4 Nb6
16.axb5 axb5 17.Ra5 Na4 18.Qb3 Qb8 19.Ba3 Bd7 20.c4 c6 21.c5 Rxa5 22.bxa5 dxc5
23.dxe5 Be6 24.Bc4 Nd7 25.Bxe6 fxe6 26.Nc4 Be7 27.Rd1 Nf8 28.Nd6 Rd8 29.a6 Qa7
30.Qe3 Rd7 31.Rd2 b4 32.Bc1 Qxa6 33.Qf4 Bxd6 34.exd6 Nc3 35.Qe3 Qa1 36.Rc2 Rxd6
37.Kh2 Qa4 38.Rd2 Nb5 39.Qxc5 Rxd2 40.Bxd2 b3 41.Bb4 Qa8 42.Nd2 b2 43.Qc2 Qb8+
44.Kg1 Nd4  1/2-1/2

[Event "Polanica Zdroj op"]
[Site "Polanica Zdroj"]
[Date "1994.??.??"]
[Round "?"]
[White "Maciejewski, Miroslaw"]
[Black "Kiselev, Gennady"]
[Result "1/2-1/2"]
[WhiteElo "2395"]
[BlackElo "2490"]

1.e4 e5 2.Nf3 Nc6 3.Bb5 a6 4.Ba4 Nf6 5.O-O Be7 6.Re1 b5 7.Bb3 d6 8.c3 O-O
9.h3 Nb8 10.d4 Nbd7 11.Nbd2 Bb7 12.Bc2 Re8 13.Nf1 Bf8 14.Ng3 g6 15.a4 c5
16.d5 c4 17.Bg5 h6 18.Be3 Rb8 19.Qd2 h5 20.Bg5 Bc8 21.axb5 axb5 22.Ra7 Bg7
23.Rea1 Nc5 24.Bh6 Kh7 25.Be3 Qb6 26.Qc1 Bf8 27.Nd2 Re7 28.Rxe7 Bxe7 29.b4 cxb3
30.Nxb3 Qc7 31.Nxc5 dxc5 32.Nf1 Bd7 33.Nd2 c4  1/2-1/2

[Event "Werfen op"]
[Site "Werfen"]
[Date "1994.??.??"]
[Round "?"]
[White "Brandstaetter, Friedrich"]
[Black "Usachyi, Mark"]
[Result "1/2-1/2"]
[WhiteElo "2105"]
[BlackElo "2315"]

1.e4 e5 2.Nf3 Nc6 3.Bb5 a6 4.Ba4 Nf6 5.O-O b5 6.Bb3 Be7 7.Re1 O-O 8.c3 d6
9.h3 Nb8 10.d4 Nbd7 11.Nbd2 Bb7 12.Bc2 Re8 13.Nf1 Bf8 14.Ng3 h6 15.a4 g6
16.b3 c5 17.d5 Qc7 18.Be3 bxa4 19.Rxa4 Nb6 20.Ra2 a5 21.Qd2 Kh7 22.Rea1 Nfd7
23.Qe1 Rec8 24.Nd2 Qd8 25.c4 Ra6 26.Bd3 Rca8 27.Qd1 Bg7 28.Nb1 h5 29.Bd2 Bh6
30.Rxa5 Nc8 31.Rxa6 Rxa6 32.Rxa6 Bxa6 33.Nf1 Bf4 34.g3 Bg5 35.Bxg5 Qxg5 36.Qd2 Qd8
37.h4 Ne7 38.Ne3 Ng8 39.Be2 Bc8 40.Qd1 Ndf6 41.Nd2 Nh6 42.Qc2 Qa5 43.Nf3 Kg7
44.Bd3 Nhg4 45.Nxg4 Bxg4 46.Kg2 Bxf3+ 47.Kxf3 Qa1 48.Kg2 Qd4  1/2-1/2

[Event "Algarve"]
[Site "Algarve"]
[Date "1995.??.??"]
[Round "1"]
[White "Ramos, A."]
[Black "Kaabi, Mejdi"]
[Result "1/2-1/2"]
[WhiteElo "2170"]
[BlackElo "2370"]

1.e4 e5 2.Nf3 Nc6 3.Bb5 a6 4.Ba4 Nf6 5.O-O Be7 6.Re1 b5 7.Bb3 d6 8.c3 O-O
9.h3 Nb8 10.d4 Nbd7 11.Nbd2 Bb7 12.Bc2 Re8 13.Nf1 Bf8 14.Ng3 g6 15.a4 c5
16.d5 c4 17.Be3 Bg7 18.Qe2 Qc7 19.Ra3 Nc5 20.Rea1 Nfd7 21.Nh4 Nb6 22.axb5 axb5
23.Rxa8 Rxa8 24.Rxa8+ Bxa8 25.f4 f6 26.Kh2 Bb7 27.Nf3 Bc8 28.Qf2 exf4 29.Bxf4 Nba4
30.Nd4 Bd7 31.Bc1 Qc8 32.Qf3 Qe8 33.Nge2 Nd3 34.Bxd3 cxd3 35.Qxd3 Nc5 36.Qf3 Nxe4
37.Ne6 Bxe6 38.Qxe4 Bf7 39.Qxe8+ Bxe8 40.Bf4 Bf8 41.Nd4 g5 42.Bg3 Bd7 43.h4  1/2-1/2